[Event "Porlamar FVA Zona Oriental 2nd"]
[Site "Porlamar"]
[Date "2016.11.11"]
[Round "4.5"]
[White "Guaimare Rodriguez, Carlos Luis"]
[Black "Hidalgo Torrealba, Damir Jose"]
[Result "1/2-1/2"]
[WhiteElo "1839"]
[BlackElo "1949"]
[PlyCount "107"]
[EventDate "2016.11.10"]
[EventType "swiss"]
[EventRounds "7"]
[EventCountry "VEN"]
[SourceTitle "EXT 2022"]
[Source "ChessBase"]
[SourceDate "2021.10.06"]
[SourceVersion "1"]
[SourceVersionDate "2021.10.06"]
[SourceQuality "1"]

1. d4 d5 2. c4 c6 3. Nf3 Nf6 4. Nc3 dxc4 5. a4 Bf5 6. e3 e6 7. Bxc4 Bb4 8. 0-0 0-0 9. Qe2 Nbd7 10. Rd1 Qc7 11. e4 Bg6 12. Bd3 c5 13. d5 exd5 14. exd5 Bxd3 15. Qxd3 c4 16. Qf5 a6 17. Bf4 Bd6 18. Bxd6 Qxd6 19. Rd4 b5 20. axb5 axb5 21. Rad1 b4 22. Ne4 Nxe4 23. Qxe4 Nf6 24. Qc2 Rfc8 25. Rxc4 Rxc4 26. Qxc4 Qxd5 27. Rxd5 Ra1+ 28. Qf1 Rxf1+ 29. Kxf1 Nxd5 30. Ke2 Nf4+ 31. Ke3 Nxg2+ 32. Kd3 Nf4+ 33. Kc4 f6 34. Ne1 Kf7 35. Kxb4 Ke6 36. Kc4 Kf5 37. b4 Ne6 38. b5 Nc7 39. b6 Na6 40. b7 Kg4 41. Kd4 Kf4 42. Kd5 f5 43. Nd3+ Kf3 44. Ke5 g6 45. Kf6 Ke2 46. Kg7 Kxd3 47. Kxh7 f4 48. Kxg6 Ke2 49. h4 Kxf2 50. h5 f3 51. h6 Kg1 52. h7 f2 53. h8Q f1Q 54. Qd4+ 1/2-1/2

[Event "Porlamar Cup La Nueva Conferry 1st"]
[Site "Porlamar"]
[Date "2016.08.25"]
[Round "1.4"]
[White "Hernandez Mora, Ulises Jose"]
[Black "Hidalgo Torrealba, Damir Jose"]
[Result "0-1"]
[WhiteElo "1617"]
[BlackElo "1968"]
[PlyCount "68"]
[EventDate "2016.08.25"]
[EventType "swiss"]
[EventRounds "7"]
[EventCountry "VEN"]
[SourceTitle "EXT 2022"]
[Source "ChessBase"]
[SourceDate "2021.10.06"]
[SourceVersion "1"]
[SourceVersionDate "2021.10.06"]
[SourceQuality "1"]

1. d4 Nf6 2. c4 d5 3. Nc3 c6 4. cxd5 cxd5 5. Bf4 Nc6 6. e3 a6 7. Nf3 Bg4 8. Be2 e6 9. h3 Bh5 10. a3 Be7 11. 0-0 0-0 12. Qc2 Rc8 13. Rac1 Ne4 14. Nxe4 dxe4 15. Qxe4 Bg6 16. Bc7 Bxe4 17. Bxd8 Rfxd8 18. Nd2 Bd5 19. Rfe1 Na7 20. Rxc8 Rxc8 21. e4 Rc2 22. exd5 Rxd2 23. Bg4 Rxd4 24. dxe6 fxe6 25. Rxe6 Kf8 26. Rb6 Bc5 27. Rxb7 Rd2 28. b4 Bxf2+ 29. Kf1 Nb5 30. a4 Nc3 31. Be6 Bg3 32. Bg4 Rf2+ 33. Kg1 Ne2+ 34. Bxe2 Rxe2 0-1

[Event "Sala de Conferencias IPASM op 1er"]
[Site "Venezuela"]
[Date "2015.05.17"]
[Round "6.5"]
[White "Hidalgo Torrealba, Damir Jose"]
[Black "Romagnone, Ivano"]
[Result "1-0"]
[WhiteElo "1959"]
[BlackElo "1813"]
[PlyCount "71"]
[EventDate "2015.05.14"]
[EventType "swiss"]
[EventRounds "7"]
[EventCountry "VEN"]
[SourceTitle "EXT 2022"]
[Source "ChessBase"]
[SourceDate "2021.10.06"]
[SourceVersion "1"]
[SourceVersionDate "2021.10.06"]
[SourceQuality "1"]

1. e4 d5 2. exd5 Qxd5 3. Nc3 Qa5 4. d4 Bf5 5. Nf3 Nd7 6. Bc4 e6 7. Bd2 c6 8. Nh4 Bg6 9. Nxg6 hxg6 10. Qf3 Ngf6 11. Nd5 Qd8 12. Nf4 Nd5 13. 0-0-0 Nxf4 14. Bxf4 Nf6 15. Rhe1 Nd5 16. Bxd5 Qxd5 17. Qxd5 cxd5 18. Rd3 Rc8 19. Rb3 b6 20. h3 Be7 21. Ree3 0-0 22. Rec3 Rc4 23. Rxc4 dxc4 24. Rb5 Rd8 25. c3 Rd5 26. a4 Kf8 27. Rxd5 exd5 28. b3 cxb3 29. Kb2 a6 30. Kxb3 b5 31. axb5 axb5 32. Bc1 Ke8 33. Ba3 Kd7 34. Bxe7 Kxe7 35. Kb4 Kd7 36. Kxb5 1-0

[Event "Porlamar op 4th"]
[Site "Porlamar"]
[Date "2012.06.09"]
[Round "6"]
[White "Noguera da Almeida, Beatriz"]
[Black "Hidalgo Torrealba, Damir Jose"]
[Result "0-1"]
[WhiteElo "1855"]
[BlackElo "1993"]
[PlyCount "56"]
[EventDate "2012.06.06"]
[EventType "swiss"]
[EventRounds "9"]
[EventCountry "VEN"]
[SourceTitle "EXT 2014"]
[Source "ChessBase"]
[SourceDate "2013.11.20"]
[SourceVersion "1"]
[SourceVersionDate "2013.11.20"]
[SourceQuality "1"]

1. e4 c5 2. Nc3 d6 3. Bc4 e6 4. f4 a6 5. a4 Nf6 6. Nf3 Qc7 7. 0-0 Nc6 8. f5 Be7 9. d3 Nb4 10. Bf4 Nh5 11. Bd2 Nf6 12. Bb3 d5 13. e5 Ng4 14. fxe6 Bxe6 15. Bf4 c4 16. Ba2 d4 17. Ne4 Nxa2 18. Nd6+ Bxd6 19. exd6 Qc5 20. Rxa2 cxd3 21. Ra1 dxc2 22. Qxd4 Rc8 23. Rac1 Kd7 24. h3 Nf6 25. Ne5+ Kd8 26. Nf3 Nd5 27. Qxc5 Rxc5 28. Ng5 Nxf4 0-1